Science Quiz

Random Science or Chemistry Quiz

Group 13 Elements Quiz Stats

 Plays Quiz Updated Jul 13, 2018

Also try: Group 14 Elements
Challenge
Share
Tweet
Embed
Score 0/6 Timer 01:00
0 Plays Today
% Correct
boron
95.4%
aluminum
54.9%
gallium
44.3%
indium
32.9%
thallium
27.2%
nihonium
19.6%

You're not logged in!

Compare scores with friends on all Sporcle quizzes.
Join for Free
OR
Log In

You Might Also Like...

Show Comments

Extras

Top Quizzes Today


Score Distribution

Your Account Isn't Verified!

In order to create a playlist on Sporcle, you need to verify the email address you used during registration. Go to your Sporcle Settings to finish the process.

Report this User

Report this user for behavior that violates our Community Guidelines.

Details: